Elmer (Registo nº 3704)

Detalhes MARC
000 -Etiqueta do registo
Cabeçalho 00726nam0a2200265 4500
005 - Identificador da versão
Campo de controlo 20240813122040.0
095 ## -
-- PTBN00882543
010 ## - Número internacional normalizado dos livros (ISBN)
Número (ISBN) 9722110705
021 ## - Número do Depósito Legal
Código do país PT
Número 103510/96
100 ## - Dados gerais de processamento
Dados gerais de processamento 20170209d1997 b y0pory5003 ba
102 ## - Pais de publicação ou produção
País de publicação Portugal
101 1# - Língua de publicação
Língua do texto, banda sonora, etc. Português
Língua do documento no original Inglês
215 ## - Descrição física 
Indicação específica da natureza do documento e extensão da espécie [32] p.
Outras indicações físicas todo il. color
200 1# - Titulo e menção de responsabilidade
Título próprio Elmer
Primeira menção de responsabilidade David McKee
Outras menções de responsabilidade trad. José Oliveira
225 1# - Colecção 
Título próprio da colecção Livros do arco-íris
210 ## - Publicação, Distribuição, etc. 
Lugar da edição, distribuição, etc. Lisboa
Nome do editor, distribuidor, etc. Caminho
Data da publicação, distribuição, etc. cop. 1997
606 ## - Nome comum usado como assunto
Número de registo de entrada de autoridade 0001374
Palavra de ordem Literatura inglesa
Subdivisão de assunto Conto
Código do sistema CA
675 ## - Classificação Decimal Universal (CDU)
Notação 821.111-34
Edição 3ª ed.
Língua da edição por
702 #1 - Nome de autor-pessoa física (responsabilidade secundária)
Número de registo de entrada de autoridade 0000082
Palavra de ordem Oliveira
Outra parte do nome não tomada para palavra de ordem José
Código de função Tradutor
700 #1 - Nome de autor-pessoa física (responsabilidade principal)
Número de registo de entrada de autoridade 0000080
Palavra de ordem MacKee
Outra parte do nome não tomada para palavra de ordem David
966 ## - Identificação da Biblioteca
Sigla EBVEN
942 ## - Elementos de entrada adicionados (Koha)
Tipo de item no Koha Livro
Exemplares
Situação do levantamento Origin of item (home branch) (coded) Biblioteca de empréstimo Código de barras Cota Circulation type (not for loan) Tipo de documento Nota do exemplar Damaged status
  Biblioteca Escolar das Vendas Biblioteca Escolar das Vendas BEV735 8EST MCK   Livro Sem mensagem